[Event "DM Kandidatklassen 2026"]
[Site "Svendborg"]
[Date "2026.03.31"]
[Round "1.1"]
[White "Pirtac, Alexandru"]
[Black "Haarh, Simon Bjork"]
[Result "1-0"]
[WhiteElo "2027"]
[BlackElo "2205"]
[WhiteFideId "13912143"]
[BlackFideId "1470515"]
[EventDate "2026.03.31"]
[EventType "swiss"]
[EventRounds "7"]
[EventCountry "DEN"]
[SourceTitle "Live v. Kasper Jerwiarz"]

1. e4 c5 2. c3 d5 3. exd5 Qxd5 4. Nf3 g6 5. d4 Bg7 6. Na3 cxd4 7. Nb5 Na6 8. Nbxd4 Nh6 9. Bb5+ Bd7 10. Bxa6 bxa6 11. O-O O-O 12. Re1 Rfe8 13. Qb3 Qh5 14. Bxh6 Qxh6 15. Qb7 Rad8 16. Ne5 Bc8 17. Qxa7 Bf6 18. Re3 Bg5 19. Re2 Rd5 20. c4 Rxe5 21. Rxe5 Bf4 22. Nf3 Bg4 23. Rxe7 Rf8 24. Rae1 Bxf3 25. gxf3 Qh3 26. Qd7 f5 27. Qd5+ 1-0

[Event "DM Kandidatklassen 2026"]
[Site "Svendborg"]
[Date "2026.03.31"]
[Round "1.2"]
[White "Nielsen Refs, Karl Emil Elmer"]
[Black "Slavensky, Asbjorn Vesterkaer"]
[Result "0-1"]
[WhiteElo "2161"]
[BlackElo "2103"]
[WhiteFideId "1452797"]
[BlackFideId "1470094"]
[EventDate "2026.03.31"]
[EventType "swiss"]
[EventRounds "7"]
[EventCountry "DEN"]
[SourceTitle "Live v. Kasper Jerwiarz"]

1. d4 d5 2. c4 c6 3. Nf3 Nf6 4. e3 e6 5. b3 Nbd7 6. Nbd2 Be7 7. Bb2 O-O 8. Bd3 b6 9. O-O Bb7 10. Ne5 c5 11. f4 Ne4 12. Ndf3 f6 13. Nxd7 Qxd7 14. Qe2 Bd6 15. Rad1 Qe7 16. g4 cxd4 17. Nxd4 Bc5 18. f5 Ng5 19. h4 dxc4 20. Bxc4 Qc7 21. Rf2 Qg3+ 22. Kf1 Qh3+ 23. Ke1 Bb4+ 24. Rd2 Ne4 25. Nxe6 Bxd2+ 26. Kd1 Nxf2+ 27. Kxd2 Ne4+ 28. Kc2 Kh8 29. g5 Qxf5 30. gxf6 Nxf6+ 31. Kc1 Rfc8 32. Nxg7 Kxg7 33. e4 Rxc4+ 34. Qxc4 Qf4+ 35. Kd1 Rd8+ 0-1

[Event "DM Kandidatklassen 2026"]
[Site "Svendborg"]
[Date "2026.03.31"]
[Round "1.3"]
[White "Alzaga, Luis"]
[Black "Zander, Emil"]
[Result "1-0"]
[WhiteElo "2129"]
[BlackElo "2205"]
[WhiteFideId "1481606"]
[BlackFideId "1467123"]
[EventDate "2026.03.31"]
[EventType "swiss"]
[EventRounds "7"]
[EventCountry "DEN"]
[SourceTitle "Live v. Kasper Jerwiarz"]

1. e4 c6 2. d4 d5 3. e5 Bf5 4. h4 h5 5. Bd3 Bxd3 6. Qxd3 Qa5+ 7. Nd2 e6 8. Nf3 Be7 9. O-O Nh6 10. c4 Nf5 11. g3 Nd7 12. b3 O-O 13. Re1 Rfd8 14. Bb2 dxc4 15. bxc4 Nb6 16. Qe2 Qa6 17. Rac1 Ba3 18. Bxa3 Qxa3 19. Ne4 Nxd4 20. Nxd4 Rxd4 21. Nd6 Nc8 22. Nxb7 Rd7 23. Rcd1 Nb6 24. Rxd7 Nxd7 25. Rd1 Qe7 26. Nd6 g6 27. Qe4 Rb8 28. Qd4 c5 29. Qe3 Kg7 30. Qa3 Nxe5 31. Qxc5 Qf6 32. Ne4 Qf5 33. Qd4 Kg8 34. Qxa7 Rc8 35. Nd6 Qc2 36. Rf1 Rd8 37. Qc7 Rxd6 38. Qxd6 Nf3+ 39. Kg2 Qe4 40. Kh3 Qg4+ 41. Kg2 Nxh4+ 42. Kh2 Nf3+ 43. Kg2 Qe4 44. Rg1 Ne5+ 45. Kh3 Nd3 46. Qd8+ Kg7 47. Qb6 Qf3 48. Kh2 Nxf2 49. Qd4+ Kg8 50. Rb1 Ng4+ 51. Kh3 e5 52. Qd8+ Kg7 53. Qd2 Nf2+ 54. Kh2 Ng4+ 55. Kh3 Ne3 56. Re1 Ng4 57. Qe2 Nf2+ 58. Kh2 Ng4+ 59. Kh3 Qc3 60. Kg2 f5 61. Rb1 Ne3+ 62. Kf2 Ng4+ 63. Kg2 f4 64. gxf4 Ne3+ 65. Kf2 exf4 66. Kg1 Qf6 67. Qb2 g5 68. Qb7+ Qf7 69. c5 Qxb7 70. Rxb7+ Kf6 71. c6 Ke6 72. Rg7 Kf6 73. Rxg5 Kxg5 74. c7 1-0

[Event "DM Kandidatklassen 2026"]
[Site "Svendborg"]
[Date "2026.03.31"]
[Round "1.4"]
[White "Skovgaard, Andreas"]
[Black "Durrfeld, Sofie Bech"]
[Result "1-0"]
[WhiteElo "2148"]
[BlackElo "2017"]
[WhiteFideId "1450760"]
[BlackFideId "1451324"]
[EventDate "2026.03.31"]
[EventType "swiss"]
[EventRounds "7"]
[EventCountry "DEN"]
[SourceTitle "Live v. Kasper Jerwiarz"]

1. Nf3 c5 2. g3 d5 3. Bg2 Nf6 4. O-O e6 5. c4 Bd6 6. d4 O-O 7. cxd5 exd5 8. Nc3 Nc6 9. Bg5 Be6 10. e4 cxd4 11. Nxd5 Bxd5 12. exd5 Nb4 13. Nd2 Be7 14. Bxf6 Bxf6 15. Qb3 Be7 16. Rac1 Qa5 17. a3 Nxd5 18. Nc4 Qd8 19. Qxb7 Nc7 20. Rfd1 Rb8 21. Qxa7 Ne6 22. Ne5 Bg5 23. Nc6 Qb6 24. Qxb6 Rxb6 25. f4 Bf6 26. b4 g6 27. a4 Ng7 28. a5 Rb5 29. Bf1 Rd5 30. b5 Nf5 31. Bd3 Ne3 32. Rd2 g5 33. b6 gxf4 34. gxf4 Kh8 35. b7 Rg8+ 36. Kh1 Bh4 37. a6 Ng4 38. a7 1-0

[Event "DM Kandidatklassen 2026"]
[Site "Svendborg"]
[Date "2026.03.31"]
[Round "1.6"]
[White "Veiergang, Oscar Jacob"]
[Black "Jacobsen, Samuel Bro"]
[Result "1-0"]
[WhiteElo "2189"]
[BlackElo "2099"]
[WhiteFideId "1470183"]
[BlackFideId "1480740"]
[EventDate "2026.03.31"]
[EventType "swiss"]
[EventRounds "7"]
[EventCountry "DEN"]
[SourceTitle "Live v. Kasper Jerwiarz"]

1. e4 e5 2. d4 exd4 3. Nf3 Nc6 4. Bc4 Nf6 5. e5 d5 6. Bb5 Ne4 7. Nxd4 Bd7 8. Bxc6 bxc6 9. O-O Be7 10. f3 Nc5 11. Nc3 Ne6 12. Nf5 Bc5+ 13. Kh1 O-O 14. Na4 f6 15. f4 fxe5 16. fxe5 Be8 17. Nxc5 Nxc5 18. Be3 Ne6 19. Qg4 Qd7 20. Nh6+ Kh8 21. Qxe6 1-0

[Event "DM Kandidatklassen 2026"]
[Site "Svendborg"]
[Date "2026.03.31"]
[Round "1.7"]
[White "Li, Anna Sofie"]
[Black "Jarlskov, Daniel Tuk Hartso"]
[Result "1-0"]
[WhiteElo "2047"]
[BlackElo "2199"]
[WhiteFideId "1472119"]
[BlackFideId "1463896"]
[EventDate "2026.03.31"]
[EventType "swiss"]
[EventRounds "7"]
[EventCountry "DEN"]
[SourceTitle "Live v. Kasper Jerwiarz"]

1. e4 c6 2. d4 d5 3. exd5 cxd5 4. Bd3 Nf6 5. c3 Nc6 6. Bf4 Bg4 7. Qb3 Qd7 8. Nd2 e6 9. Ngf3 Bxf3 10. Nxf3 Bd6 11. Bxd6 Qxd6 12. O-O O-O 13. Rae1 Nd7 14. Qc2 h6 15. Re3 Rfc8 16. Qe2 Rab8 17. Nh4 a6 18. f4 Re8 19. g4 Nf8 20. g5 hxg5 21. fxg5 g6 22. Qf2 Qe7 23. Ng2 Nh7 24. h4 e5 25. dxe5 Nxe5 26. Rfe1 Qd6 27. Qf4 Qc5 28. Qd4 Qxd4 29. cxd4 Nxd3 30. Rxe8+ Rxe8 31. Rxe8+ Kg7 32. Re7 b5 33. Ne3 Nf8 34. Nxd5 Ne6 35. Nf6 Nxb2 36. d5 Nf8 37. d6 Nc4 38. d7 Nxd7 39. Rxd7 Kf8 40. Ra7 a5 41. Rb7 b4 42. Rc7 Nd2 43. Kf2 b3 44. axb3 Nxb3 45. Rc3 Nd4 46. Re3 Ne6 47. Ra3 Ke7 48. Rxa5 Ng7 49. Ke3 Ke6 50. Ke4 Nf5 51. Rxf5 1-0

[Event "DM Kandidatklassen 2026"]
[Site "Svendborg"]
[Date "2026.03.31"]
[Round "1.8"]
[White "Peitersen, Andreas"]
[Black "Skytte, Robert"]
[Result "1/2-1/2"]
[WhiteElo "2141"]
[BlackElo "2009"]
[WhiteFideId "1479814"]
[BlackFideId "1471775"]
[EventDate "2026.03.31"]
[EventType "swiss"]
[EventRounds "7"]
[EventCountry "DEN"]
[SourceTitle "Live v. Kasper Jerwiarz"]

1. e4 c5 2. Nc3 g6 3. g3 Bg7 4. Bg2 Nc6 5. d3 d6 6. Nge2 Nf6 7. O-O O-O 8. h3 Bd7 9. Be3 Ne8 10. Qd2 Nc7 11. Bh6 b5 12. Bxg7 Kxg7 13. d4 Na5 14. dxc5 dxc5 15. Rfd1 Bc6 16. Qe3 Qc8 17. Qxc5 Re8 18. Nd5 e5 19. Ne7 Qe6 20. Nxc6 Qxc6 21. Qxc6 Nxc6 22. Rd6 Na5 23. b3 Rad8 24. Rad1 Rxd6 25. Rxd6 Kf8 26. Nc3 Ke7 27. Rd2 Rd8 28. Rxd8 Kxd8 29. Bf1 b4 30. Nd1 Nc6 31. Bc4 Ke7 32. c3 a5 33. Kf1 f5 34. f3 Kd6 35. Bg8 fxe4 36. fxe4 Nb5 37. cxb4 Nxb4 38. a4 Nd4 39. Nb2 Kc5 40. Kf2 h6 41. Bf7 g5 42. Bc4 Kd6 43. Ke3 Kc5 44. Kd2 Nf3+ 45. Ke3 Nd4 46. Bf7 Nbc2+ 47. Kd2 Nb4 48. Nc4 Nxb3+ 49. Kc3 Nd4 50. Nxe5 Ne2+ 51. Kb3 Nxg3 52. Nc4 Nxe4 53. Nxa5 Nf2 54. Be6 Nc6 55. Nxc6 Kxc6 56. Kc4 h5 57. Bd5+ Kb6 58. Bg2 Ka5 59. Kd4 Kxa4 60. Ke5 Nxh3 61. Bxh3 g4 62. Bxg4 hxg4 63. Kf4 Kb4 64. Kxg4 1/2-1/2

[Event "DM Kandidatklassen 2026"]
[Site "Svendborg"]
[Date "2026.03.31"]
[Round "1.9"]
[White "Sorensen, Michael D F"]
[Black "Boje, Tobias Rosholm"]
[Result "1/2-1/2"]
[WhiteElo "2041"]
[BlackElo "2130"]
[WhiteFideId "1404660"]
[BlackFideId "1413643"]
[EventDate "2026.03.31"]
[EventType "swiss"]
[EventRounds "7"]
[EventCountry "DEN"]
[SourceTitle "Live v. Kasper Jerwiarz"]

1. d4 d5 2. Nc3 Nf6 3. Bf4 Bf5 4. Nb5 Na6 5. f3 c6 6. Nc3 e6 7. g4 Bg6 8. h4 h5 9. g5 Nd7 10. a3 Nb6 11. e4 Nc7 12. Qd2 Bd6 13. Nh3 dxe4 14. fxe4 Qd7 15. Bxd6 Qxd6 16. Nf4 e5 17. Nxg6 Qxg6 18. dxe5 Rd8 19. Qf2 Qe6 20. Bh3 Qxe5 21. O-O O-O 22. Rad1 1/2-1/2

[Event "DM Kandidatklassen 2026"]
[Site "Svendborg"]
[Date "2026.03.31"]
[Round "1.10"]
[White "Iskos, Lukas"]
[Black "Snedker, Oliver Kaehne"]
[Result "1-0"]
[WhiteElo "2135"]
[BlackElo "2014"]
[WhiteFideId "1461613"]
[BlackFideId "1470051"]
[EventDate "2026.03.31"]
[EventType "swiss"]
[EventRounds "7"]
[EventCountry "DEN"]
[SourceTitle "Live v. Kasper Jerwiarz"]

1. d4 d5 2. Nf3 Nf6 3. c4 c6 4. e3 e6 5. b3 Nbd7 6. Bb2 Ne4 7. Bd3 f5 8. O-O Qf6 9. Ne5 Nxe5 10. dxe5 Qh6 11. Bxe4 dxe4 12. Qd4 Be7 13. Rd1 O-O 14. Ba3 Bxa3 15. Nxa3 f4 16. Nc2 f3 17. Qxe4 fxg2 18. Rd6 b6 19. Nd4 Rb8 20. Nxc6 Bb7 21. Qg4 Bxc6 22. Rxc6 Rbd8 23. Rxe6 g6 24. Rd6 Rxd6 25. exd6 Rf5 26. e4 Rxf2 27. Kxf2 Qd2+ 28. Qe2 Qd4+ 29. Kxg2 Qxa1 30. Qd2 Qb1 31. Kf3 Qf1+ 32. Ke3 Qg1+ 33. Kf4 h6 34. Ke5 Kg7 35. d7 Qc5+ 36. Ke6 Qc6+ 37. Qd6 Qb7 38. Qe7+ Kh8 39. d8=Q# 1-0

[Event "DM Kandidatklassen 2026"]
[Site "Svendborg"]
[Date "2026.03.31"]
[Round "1.11"]
[White "Shajan, Alan Pattayil"]
[Black "Thuesen, Mogens Henrik"]
[Result "0-1"]
[WhiteElo "1987"]
[BlackElo "2056"]
[WhiteFideId "33436134"]
[BlackFideId "1400878"]
[EventDate "2026.03.31"]
[EventType "swiss"]
[EventRounds "7"]
[EventCountry "DEN"]
[SourceTitle "Live v. Kasper Jerwiarz"]

1. d4 d5 2. Nf3 Nf6 3. g3 c6 4. Bg2 Bf5 5. c4 e6 6. Nc3 h6 7. O-O Nbd7 8. b3 Bb4 9. Bb2 O-O 10. Nd2 a5 11. Re1 a4 12. a3 Bxc3 13. Bxc3 axb3 14. Qxb3 Qb6 15. Bb4 Rfe8 16. cxd5 exd5 17. e3 h5 18. Bf1 Ne4 19. Nxe4 Bxe4 20. Qd1 Nf6 21. Bd6 Qd8 22. Be5 Nd7 23. Bf4 g5 24. Bd6 Re6 25. Bb4 g4 26. Bd3 Nf6 27. Bxe4 Nxe4 28. f3 gxf3 29. Qxf3 Qg5 30. Qf4 Qg6 31. Rf1 Rae8 32. Rae1 Rf6 33. Qh4 Ng5 34. Kg2 Rxf1 35. Rxf1 Rxe3 36. Qf4 Re2+ 37. Kh1 Qe4+ 38. Qxe4 dxe4 39. Rf5 Nf3 40. Rxh5 e3 41. g4 Rf2 42. d5 cxd5 0-1

[Event "DM Kandidatklassen 2026"]
[Site "Svendborg"]
[Date "2026.03.31"]
[Round "1.12"]
[White "Gregor, Bjarke"]
[Black "Fyhn, Buster Hulthin"]
[Result "1/2-1/2"]
[WhiteElo "2121"]
[BlackElo "2050"]
[WhiteFideId "1423401"]
[BlackFideId "1481800"]
[EventDate "2026.03.31"]
[EventType "swiss"]
[EventRounds "7"]
[EventCountry "DEN"]
[SourceTitle "Live v. Kasper Jerwiarz"]

1. e4 e6 2. d4 d5 3. e5 c5 4. c3 Nc6 5. Nf3 Bd7 6. Be2 Rc8 7. O-O Nge7 8. Na3 a6 9. Nc2 cxd4 10. cxd4 Nf5 11. Bd3 Nh4 12. Ng5 g6 13. Re1 Be7 14. Nh3 O-O 15. Nf4 Nb4 16. Nxb4 Bxb4 17. Re3 Bb5 18. Rh3 Bxd3 19. Qxd3 Nf5 20. a3 Ba5 21. Ne2 Qd7 22. g4 Ng7 23. Bg5 Qb5 24. Qxb5 axb5 25. b4 Bd8 26. Bxd8 Rfxd8 27. Nc3 Ne8 28. Nxb5 Rc4 29. Kf1 Rdc8 30. Rf3 Kg7 31. Rd1 R8c6 32. g5 Rb6 33. Nc3 Ra6 34. Nb5 Rb6 35. Nc3 Ra6 36. Ne2 Nc7 37. Rdd3 Nb5 38. h4 Kf8 39. h5 Ke7 40. h6 Ke8 41. Nc3 Nxc3 42. Rxc3 Rac6 43. Rcd3 b5 44. Rf4 Rc3 45. Ke2 Rxd3 46. Kxd3 Rc4 47. Rg4 Kd7 48. Rg3 Ke7 49. Rg1 Kd7 50. Rd1 Kd8 51. f4 Kc7 52. Rd2 Kb6 53. Rc2 Ka6 54. Rc3 Kb6 55. Rc2 Ka6 56. Ra2 Kb6 57. a4 Rxb4 58. axb5 Kb7 59. Ra6 Rxb5 60. Rd6 Kc7 61. Ra6 Kb7 62. Rd6 Kc7 63. Ra6 Kb7 64. Rd6 1/2-1/2

[Event "DM Kandidatklassen 2026"]
[Site "Svendborg"]
[Date "2026.04.01"]
[Round "2.1"]
[White "Pirtac, Alexandru"]
[Black "Skovgaard, Andreas"]
[Result "0-1"]
[WhiteElo "2027"]
[BlackElo "2148"]
[WhiteFideId "13912143"]
[BlackFideId "1450760"]
[EventDate "2026.03.31"]
[EventType "swiss"]
[EventRounds "7"]
[EventCountry "DEN"]
[SourceTitle "Live v. Kasper Jerwiarz"]

1. e4 c5 2. c3 Nf6 3. e5 Nd5 4. Nf3 d6 5. d4 cxd4 6. cxd4 Nc6 7. Bc4 Nb6 8. Bb5 a6 9. Be2 dxe5 10. dxe5 Qxd1+ 11. Bxd1 Nc4 12. Nc3 e6 13. Be2 N4xe5 14. Nxe5 Nxe5 15. Be3 Bd7 16. f4 Ng6 17. f5 exf5 18. Nd5 O-O-O 19. Nb6+ Kb8 20. O-O Be6 21. Rac1 Bd6 22. b4 Rhe8 23. Bf2 Bxa2 24. Rc2 Bb3 25. Rb2 Be6 26. b5 a5 27. Rc2 Bb3 28. Rb2 a4 29. Rd2 Bxh2+ 30. Kxh2 Rxd2 31. Bf3 a3 32. Bc5 a2 33. Ra1 Nh4 34. Kg3 Nxf3 35. gxf3 Rd1 0-1

[Event "DM Kandidatklassen 2026"]
[Site "Svendborg"]
[Date "2026.04.01"]
[Round "2.2"]
[White "Slavensky, Asbjorn Vesterkaer"]
[Black "Veiergang, Oscar Jacob"]
[Result "1/2-1/2"]
[WhiteElo "2103"]
[BlackElo "2189"]
[WhiteFideId "1470094"]
[BlackFideId "1470183"]
[EventDate "2026.03.31"]
[EventType "swiss"]
[EventRounds "7"]
[EventCountry "DEN"]
[SourceTitle "Live v. Kasper Jerwiarz"]

1. d4 Nf6 2. c4 e6 3. Nf3 d5 4. g3 Bb4+ 5. Nbd2 dxc4 6. Bg2 b5 7. Ne5 Nd5 8. O-O Bb7 9. Ndxc4 f6 10. Nd3 a5 11. Nd2 O-O 12. Nxb4 axb4 13. Nb3 Nd7 14. Bd2 Qe7 15. Qc2 f5 16. Rfc1 Ra7 17. Qd3 Rfa8 18. e4 fxe4 19. Bxe4 h6 20. Bg2 c6 21. Re1 Rxa2 22. Rxa2 Rxa2 23. Bc1 c5 24. Qxb5 Ba6 25. Qc6 Nb8 26. Qxc5 Qf7 27. Rxe6 Nf6 28. d5 Nbd7 29. Qa7 Qh5 30. Rxa6 Qd1+ 31. Bf1 Rxa6 32. Qxa6 Qxb3 33. Qc8+ Kh7 34. Qc4 Qa4 35. Bd3+ Kg8 36. d6+ Kf8 37. Bc2 Qa8 38. Bb3 Ne5 39. Qc7 Nf3+ 40. Kf1 Nxh2+ 41. Kg1 1/2-1/2

[Event "DM Kandidatklassen 2026"]
[Site "Svendborg"]
[Date "2026.04.01"]
[Round "2.3"]
[White "Alzaga, Luis"]
[Black "Iskos, Lukas"]
[Result "1-0"]
[WhiteElo "2129"]
[BlackElo "2135"]
[WhiteFideId "1481606"]
[BlackFideId "1461613"]
[EventDate "2026.03.31"]
[EventType "swiss"]
[EventRounds "7"]
[EventCountry "DEN"]
[SourceTitle "Live v. Kasper Jerwiarz"]

1. e4 c5 2. Nf3 Nc6 3. d4 cxd4 4. Nxd4 Nf6 5. Nc3 e5 6. Ndb5 d6 7. Nd5 Nxd5 8. exd5 Nb8 9. a4 Be7 10. Bd2 O-O 11. Be2 Nd7 12. O-O a6 13. Na3 a5 14. Nb5 f5 15. f4 exf4 16. Bxf4 Nc5 17. Kh1 Ne4 18. Bd3 Kh8 19. Qe2 Nf6 20. c4 Ne8 21. Be3 Bg5 22. Bd4 f4 23. Qh5 Bf5 24. Bxf5 Rxf5 25. h4 f3 26. g4 Nf6 27. Bxf6 Rxf6 28. hxg5 Rf4 29. g6 h6 30. Rae1 Qf6 31. Rf2 Rxc4 32. g5 Qf5 33. Nxd6 Qg4 34. Qxg4 Rxg4 35. Nf7+ Kg8 36. d6 Rh4+ 37. Rh2 f2 38. Rf1 Rg4 39. Rhxf2 1-0

[Event "DM Kandidatklassen 2026"]
[Site "Svendborg"]
[Date "2026.04.01"]
[Round "2.4"]
[White "Thuesen, Mogens Henrik"]
[Black "Li, Anna Sofie"]
[Result "0-1"]
[WhiteElo "2056"]
[BlackElo "2047"]
[WhiteFideId "1400878"]
[BlackFideId "1472119"]
[EventDate "2026.03.31"]
[EventType "swiss"]
[EventRounds "7"]
[EventCountry "DEN"]
[SourceTitle "Live v. Kasper Jerwiarz"]

1. d4 d5 2. c4 c6 3. Nf3 Nf6 4. Nc3 e6 5. e3 Nbd7 6. Bd3 dxc4 7. Bxc4 b5 8. Bd3 Bd6 9. O-O O-O 10. e4 e5 11. Bg5 exd4 12. Nxd4 Ne5 13. Be2 h6 14. Bh4 b4 15. Na4 g5 16. f4 Neg4 17. fxg5 Bxh2+ 18. Kh1 hxg5 19. Rxf6 Qxf6 20. Bxg4 Be5 21. Bxc8 Bxd4 22. Bf5 gxh4 23. Qh5 Qg7 24. Rd1 Rfd8 25. Rd3 Be5 26. Nc5 Rxd3 27. Nxd3 Re8 28. Bd7 Qg3 0-1

[Event "DM Kandidatklassen 2026"]
[Site "Svendborg"]
[Date "2026.04.01"]
[Round "2.5"]
[White "Skjoldager, Per"]
[Black "Sorensen, Michael D F"]
[Result "1-0"]
[WhiteElo "2159"]
[BlackElo "2041"]
[WhiteFideId "1408828"]
[BlackFideId "1404660"]
[EventDate "2026.03.31"]
[EventType "swiss"]
[EventRounds "7"]
[EventCountry "DEN"]
[SourceTitle "Live v. Kasper Jerwiarz"]

1. e4 e5 2. Nf3 Nc6 3. Bc4 Nf6 4. d3 d5 5. exd5 Nxd5 6. Qe2 Bg4 7. h3 Bxf3 8. Qxf3 Nd4 9. Qxd5 Qxd5 10. Bxd5 Nxc2+ 11. Kd1 Nxa1 12. Bxb7 Rb8 13. Bc6+ Kd8 14. Nc3 Bc5 15. Re1 f6 16. Re2 Ke7 17. Be3 Bxe3 18. fxe3 Rhd8 19. Rd2 Nb3 20. axb3 Rxb3 21. Bd5 Rbb8 22. Be4 g6 23. Nd5+ Ke6 24. Nxc7+ Kd6 25. Nd5 f5 26. Bf3 Rb3 27. Nc3 Rdb8 28. Kc1 h5 29. d4 e4 30. Be2 Rc8 31. Rc2 Rcb8 32. Bc4 R3b7 33. Ne2 Rh8 34. h4 g5 35. hxg5 Rg7 36. Bb5 Rxg5 37. Rc6+ Ke7 38. Nf4 Rg3 39. Ng6+ 1-0

[Event "DM Kandidatklassen 2026"]
[Site "Svendborg"]
[Date "2026.04.01"]
[Round "2.6"]
[White "Fyhn, Buster Hulthin"]
[Black "Peitersen, Andreas"]
[Result "0-1"]
[WhiteElo "2050"]
[BlackElo "2141"]
[WhiteFideId "1481800"]
[BlackFideId "1479814"]
[EventDate "2026.03.31"]
[EventType "swiss"]
[EventRounds "7"]
[EventCountry "DEN"]
[SourceTitle "Live v. Kasper Jerwiarz"]

1. e4 c5 2. Nf3 Nc6 3. Bb5 g6 4. O-O Bg7 5. Re1 Nf6 6. e5 Nd5 7. c3 O-O 8. d4 cxd4 9. cxd4 d6 10. Bxc6 bxc6 11. Nc3 Nxc3 12. bxc3 c5 13. dxc5 dxe5 14. Ba3 Qc7 15. Rc1 Rd8 16. Qa4 Bd7 17. Qh4 Bc6 18. Rcd1 Qb7 19. Qg3 Qa6 20. Bb4 Rxd1 21. Rxd1 Qa4 22. Re1 a5 23. a3 axb4 24. axb4 Qa1 25. h3 Qxc3 26. Rd1 Ra1 27. Rxa1 Qxa1+ 28. Kh2 Qc3 29. Qg4 f5 30. Qh4 Bf6 31. Qg3 Qxb4 32. Nxe5 f4 33. Qg4 Bxe5 34. Qe6+ Kf8 35. Qxe5 Kf7 36. Qh8 Qe4 37. Qxh7+ Ke8 38. f3 Qf5 39. Qg8+ Kd7 40. Qg7 Qf6 41. Qg8 Qg5 42. Qc4 Qg3+ 43. Kh1 Qe1+ 44. Kh2 Qe3 45. Qf7 Bxf3 46. Qxg6 Bc6 47. h4 f3 48. Qg4+ Kc7 49. gxf3 Qf2+ 50. Kh3 Bd7 51. c6 Bxg4+ 52. fxg4 Qf3+ 53. Kh2 Qxg4 54. h5 e5 55. h6 Qh5+ 56. Kg2 Qxh6 57. Kg1 Qf4 58. Kg2 e4 59. Kh1 e3 60. Kg2 e2 61. Kg1 e1=Q+ 62. Kg2 Qef1# 0-1

[Event "DM Kandidatklassen 2026"]
[Site "Svendborg"]
[Date "2026.04.01"]
[Round "2.7"]
[White "Boje, Tobias Rosholm"]
[Black "Lilja, Richard"]
[Result "0-1"]
[WhiteElo "2130"]
[BlackElo "2074"]
[WhiteFideId "1413643"]
[BlackFideId "1403109"]
[EventDate "2026.03.31"]
[EventType "swiss"]
[EventRounds "7"]
[EventCountry "DEN"]
[SourceTitle "Live v. Kasper Jerwiarz"]

1. e4 d6 2. d4 Nf6 3. Nc3 e5 4. Nf3 Nbd7 5. Bc4 Be7 6. O-O c6 7. a4 Qc7 8. Re1 h6 9. h3 g5 10. b3 Nf8 11. Bb2 Ng6 12. Qd2 g4 13. hxg4 Bxg4 14. Nh2 Nf4 15. Nxg4 Nxg4 16. Ne2 Bg5 17. Nxf4 Bxf4 18. Qe2 Rg8 19. Qf3 Qe7 20. Bc1 Bxc1 21. Raxc1 exd4 22. Rcd1 Ne5 23. Qh3 Nxc4 24. bxc4 Qe5 25. Rb1 b6 26. Rb3 Rg5 27. Rf3 Ke7 28. g3 Rag8 29. Qh4 Ke8 30. Qh3 Kd8 31. Rxf7 Rxg3+ 32. fxg3 Rxg3+ 33. Qxg3 Qxg3+ 34. Kf1 Qh3+ 35. Kg1 Qg4+ 36. Kf2 Qh4+ 37. Kf1 Qh1+ 38. Kf2 Qh2+ 39. Kf1 Qxc2 40. Re2 Qxc4 41. Rxa7 d3 42. Rf2 d2+ 43. Kg2 Qxe4+ 44. Kg3 Qe3+ 0-1

[Event "DM Kandidatklassen 2026"]
[Site "Svendborg"]
[Date "2026.04.01"]
[Round "2.8"]
[White "Skytte, Robert"]
[Black "Gregor, Bjarke"]
[Result "1/2-1/2"]
[WhiteElo "2009"]
[BlackElo "2121"]
[WhiteFideId "1471775"]
[BlackFideId "1423401"]
[EventDate "2026.03.31"]
[EventType "swiss"]
[EventRounds "7"]
[EventCountry "DEN"]
[SourceTitle "Live v. Kasper Jerwiarz"]

1. e4 c6 2. d4 d5 3. Nd2 dxe4 4. Nxe4 Nf6 5. Nxf6+ exf6 6. Bd3 Qxd4 7. Nf3 Qd8 8. O-O Be6 9. Re1 c5 10. Bf4 Nc6 11. Qe2 Bd6 12. Bxd6 Qxd6 13. Rad1 Qf4 14. Bc4 O-O 15. Bxe6 fxe6 16. Qxe6+ Kh8 17. Re4 Qh6 18. Rd7 Ne5 19. Rd1 Rad8 20. Rde1 Nxf3+ 21. gxf3 Qh5 22. Qe7 f5 23. R4e3 f4 24. Re5 1/2-1/2

[Event "DM Kandidatklassen 2026"]
[Site "Svendborg"]
[Date "2026.04.01"]
[Round "2.9"]
[White "Haarh, Simon Bjork"]
[Black "Durrfeld, Sofie Bech"]
[Result "1-0"]
[WhiteElo "2205"]
[BlackElo "2017"]
[WhiteFideId "1470515"]
[BlackFideId "1451324"]
[EventDate "2026.03.31"]
[EventType "swiss"]
[EventRounds "7"]
[EventCountry "DEN"]
[SourceTitle "Live v. Kasper Jerwiarz"]

1. d4 Nf6 2. c4 g6 3. Nc3 Bg7 4. e4 d6 5. Nf3 O-O 6. Be2 e5 7. O-O Nc6 8. d5 Ne7 9. Bd2 Ne8 10. b4 f5 11. a4 f4 12. Rc1 h6 13. c5 g5 14. Ne1 Nf6 15. f3 Ng6 16. cxd6 cxd6 17. Nb5 Rf7 18. Qc2 Bf8 19. Nc7 Rb8 20. Nd3 Rg7 21. Nf2 h5 22. h3 Nh4 23. Ne6 Bxe6 24. dxe6 g4 25. fxg4 hxg4 26. Nxg4 Nh5 27. Be1 Kh8 28. Bf3 Qg5 29. Bxh4 Qxh4 30. Qf2 Ng3 31. Qxa7 Re8 32. Rfd1 Rxe6 33. Rc8 Qe7 34. Qb8 Rf7 35. Rdc1 d5 36. exd5 Ra6 37. Qxe5+ Qxe5 38. Nxe5 Rf5 39. Nd7 Kg7 40. Nxf8 Rxf8 41. Rxf8 Kxf8 42. a5 Nf5 43. Rc4 1-0